| 000 | 00754nam a22002297a 4500 | ||
|---|---|---|---|
| 001 | 13488 | ||
| 005 | 20260226073056.0 | ||
| 008 | 260226b xxu||||| |||| 00| 0 eng d | ||
| 020 | _a0131206818 | ||
| 040 | _aBSULIB | ||
| 082 |
_222 _a658.4 _bLAU |
||
| 100 |
_aLaudon, Kenneth C. _98843 |
||
| 245 |
_aManagement Information systems: _bManaging the digital firm/ _cKenneth C. Laudon and Jane P. Laudon. |
||
| 250 | _a11th global ed. | ||
| 260 |
_aNew Jersy: _bPearson Education, _c2010. |
||
| 300 |
_axxxii, 653 P.: _bill. (some col.); _c27cm. |
||
| 500 | _aIncludes bibliographical references and index | ||
| 650 |
_aManagement information systems _vDigital firm _98844 |
||
| 658 | _aManagement | ||
| 700 |
_aLaudon, Jane P _926311 |
||
| 942 |
_2ddc _cBK |
||
| 999 |
_c13488 _d13488 |
||